| 000 | 00771nam a2200217 i 4500 | ||
|---|---|---|---|
| 999 |
_c7709 _d7709 |
||
| 001 | 991058478168306706 | ||
| 003 | OSt | ||
| 005 | 20231024133330.0 | ||
| 006 | m o d | | ||
| 007 | cr ||||||||||| | ||
| 008 | 201029s2019 sp a ob 000 0 spa d | ||
| 040 |
_aCDMR _cCDMR _bcat |
||
| 100 |
_aAmditis, Joe _94836 |
||
| 245 | 1 | 0 |
_aManual para principiantes : _bChatGPT para editores de noticias locales : un manual para pequeñas redacciones y editores locales [recurs electrònic] / _c creado por Joe Amditis |
| 264 | 1 | _c[2023] | |
| 300 | _a1 recurs electrònic (46 pàgines) | ||
| 650 | 0 |
_aIntel·ligència artificial _94722 |
|
| 650 | 0 |
_aChatGPT _94837 |
|
| 856 |
_zAccés en línia _uhttps://www.amic.media/media/files/file_352_3681.pdf |
||
| 942 |
_2udc _cLLIBRE-E |
||